LEADER 02019oam 2200313z- 450 001 9910157775503321 005 20230913112557.0 010 $a1-62798-611-1 035 $a(CKB)3710000001009741 035 $a(BIP)052187582 035 $a(BIP)055397007 035 $a(Exl-AI)993710000001009741 035 $a(EXLCZ)993710000001009741 100 $a20210505c2015uuuu -u- - 101 0 $aeng 200 10$aTwisted Dreams 210 $cDSP Publications 215 $a1 online resource (330 p.) 311 08$a1-62798-610-3 330 8 $aSequel to Uneasy DreamsDreamlands: Book Four Inuzaka Keno and Samojirou Aboshi have been separated by the Egyptian sorcerer Kheper. Keno is torn following the events in Uneasy Dreams, and unable to face his lover after breaking his vow to never kill. He joins Kheper to travel up the Nile and warn the Vizier about the mysterious Darkness growing throughout the Dreamlands. Aboshi, shattered by Keno's departure, vows to rescue his lover from Kheper, no matter the cost. Without his ability to walk in the shadows, he must sail from Nippon to Egypt with his allies Mason, Wolf, and Tholf. Distraught over his violent tendencies and alone in a strange land, Keno attempts to bury his unease in a physical relationship with Kheper. He is drawn deeper into the politics of the Two Lands, as well as the dangers there, as the Egyptian rulers task him and Kheper with investigating where the Darkness will strike. Keno and Aboshi reunite in the heretic Akhenaten's city of horrors. Before they can address the rift in their relationship or the Darkness threatening to tear the Dreamlands apart, they'll have to survive Akhenaten and his monsters. 606 $aFantasy fiction$7Generated by AI 606 $aLight and darkness in literature$7Generated by AI 615 0$aFantasy fiction 615 0$aLight and darkness in literature 700 $aIvey$b Felicitas$01434931 906 $aBOOK 912 $a9910157775503321 996 $aTwisted Dreams$93594461 997 $aUNINA LEADER 01943oas 2200757 a 450 001 9911054514003321 005 20251208170422.0 035 $a(DE-599)ZDB1543-7833 035 $a(OCoLC)50003277 035 $a(CONSER) 2003214202 035 $a(CKB)111056646954108 035 $a(EXLCZ)99111056646954108 100 $a20020614b20022014 uy a 101 0 $aeng 135 $aurcnu|||||||| 181 $ctxt$2rdacontent 182 $cc$2rdamedia 183 $acr$2rdacarrier 200 00$aCrop management 210 $aSt. Paul, MN $cPlant Management Network International$d[2002-2014] 300 $aRefereed/Peer-reviewed 300 $a"Peer reviewed journal of applied crop science." 300 $aPlant Management Network includes the American Phytopathological Society et al. 311 08$a1543-7833 531 0 $aCrop manag. 606 $aCrop science$vPeriodicals 606 $aAgronomy$vPeriodicals 606 $aAgronomy$2fast$3(OCoLC)fst00801886 606 $aCrop science$2fast$3(OCoLC)fst00883934 608 $aOnline databases. 608 $aDatabases.$2fast 608 $aPeriodicals.$2fast 615 0$aCrop science 615 0$aAgronomy 615 7$aAgronomy. 615 7$aCrop science. 676 $a338 712 02$aAmerican Phytopathological Society 712 02$aPlant Management Network 801 0$bAFU 801 1$bAFU 801 2$bNSD 801 2$bOCLCQ 801 2$bNSD 801 2$bOCLCQ 801 2$bAGL 801 2$bOCLCQ 801 2$bDLC 801 2$bHEBIS 801 2$bOCLCQ 801 2$bOCLCF 801 2$bOCLCO 801 2$bUMC 801 2$bAGL 801 2$bOCLCA 801 2$bOCLCQ 801 2$bAU@ 801 2$bOCL 801 2$bUKMGB 801 2$bOCLCQ 801 2$bOCLCL 801 2$bOCLCQ 906 $aJOURNAL 912 $a9911054514003321 996 $aCrop management$92957264 997 $aUNINA